00666nam a2200193Ia 4500952015300000999001700153003000400170005001700174008004100191020001800232040000900250082002000259100002300279245005500302260004800357300000900405650001200414942004600426 00102ddc40708SOCIAL SCIENCEaMESbMEScSOCIAL SCIENCEd2019-02-20g625.00l0o305.0954 GUR/Cp36816r2019-02-20 00:00:00w2019-02-20yBKzGL50R5 c14714d14714OSt20201019104811.0190216s9999||||xx |||||||||||||| ||und|| a9780198078319 coclc a305.0954bGUR/C aGuru, Gopal 95874 4aThe Cracked Mirror /cGopal Guru ; Sundar Sarukkai bOxford University Press,c2012.aNew Delhi: a248p aEnglish cBK2ddch305.0954iGUR/Ck305.0954mGUR/C